000 00373nam a2200145Ia 4500
005 20240821155128.0
008 240821s9999||||xx |||||||||||||| ||und||
082 _a301.1072 BRE
100 _aBrenner, Hichael Michael
245 0 _aSocial context of method
260 _aLondon
_bCroom Helm
_c1978
300 _a261p
650 _aSOCIOLOGY/SOCIAL PSYCHOLOGY
942 _cBK
999 _c98874
_d98874